000 00283nam a2200133Ia 4500
100 _aHintz/K.J/ Tabak/D
942 _cBK
654 _amicrocontrollers
245 _aMicrocontrollers
260 _bMcGraw Hill
_aSingapore
_c1992
300 _a483
546 _aENGLISH
999 _c23060
_d23060